000
00228nam a22000977a 4500
008
160511b xxu||||| |||| 00| 0 eng d
041
_a
eng
080
_a
316.77
245
_a
The american language:
_c
H. L. Mencken;
942
_2
udc
_c
BK
999
_c
2038
_d
2038